<?xml version="1.0" encoding="UTF-8"?><?xml-stylesheet type="text/xsl" href="static/style.xsl"?><OAI-PMH xmlns="http://www.openarchives.org/OAI/2.0/" xmlns:xsi="http://www.w3.org/2001/XMLSchema-instance" xsi:schemaLocation="http://www.openarchives.org/OAI/2.0/ http://www.openarchives.org/OAI/2.0/OAI-PMH.xsd"><responseDate>2026-04-13T01:58:54Z</responseDate><request verb="GetRecord" identifier="oai:www.recercat.cat:2072/261937" metadataPrefix="marc">https://recercat.cat/oai/request</request><GetRecord><record><header><identifier>oai:recercat.cat:2072/261937</identifier><datestamp>2025-03-11T16:33:47Z</datestamp><setSpec>com_2072_220028</setSpec><setSpec>com_2072_4427</setSpec><setSpec>col_2072_220407</setSpec></header><metadata><record xmlns="http://www.loc.gov/MARC21/slim" xmlns:dcterms="http://purl.org/dc/terms/" xmlns:xsi="http://www.w3.org/2001/XMLSchema-instance" xmlns:doc="http://www.lyncode.com/xoai" xsi:schemaLocation="http://www.loc.gov/MARC21/slim http://www.loc.gov/standards/marcxml/schema/MARC21slim.xsd">
   <leader>00925njm 22002777a 4500</leader>
   <datafield ind2=" " ind1=" " tag="042">
      <subfield code="a">dc</subfield>
   </datafield>
   <datafield ind2=" " ind1=" " tag="720">
      <subfield code="a">López Polín, Lucía</subfield>
      <subfield code="e">author</subfield>
   </datafield>
   <datafield ind2=" " ind1=" " tag="720">
      <subfield code="a">Bertral Arias, Anna</subfield>
      <subfield code="e">author</subfield>
   </datafield>
   <datafield ind2=" " ind1=" " tag="720">
      <subfield code="a">Font Rosselló, Bernat</subfield>
      <subfield code="e">author</subfield>
   </datafield>
   <datafield ind2=" " ind1=" " tag="720">
      <subfield code="a">Ollé Cañellas, Andreu</subfield>
      <subfield code="e">author</subfield>
   </datafield>
   <datafield ind2=" " ind1=" " tag="260">
      <subfield code="c">2009</subfield>
   </datafield>
   <datafield ind2=" " ind1=" " tag="520">
      <subfield code="a">In this paper we present the preparation of some fossils from the Pleistocene levels of the cave site of Tossal de la Font. The presence of carbonated concretions, which is the main feature of these specimens, is a problem common to many remains from some calcareous caves. Treatments are based on mechanical cleaning, and intervention criteria are directed at recovering the palaeontological and archaeological information.</subfield>
   </datafield>
   <datafield ind1="8" ind2=" " tag="024">
      <subfield code="a">López-Polín, L.; Bertral, A.; Font, B.; Ollé, A. (2009) "Preparation and conservation treatments of the Pleistocene fossil vertebrate remains from the cave site of Tossal de la Font (Vilafamés, Castelló, Spain)", Paleontologia i Evolució. Memòria especial, 4, p. 225-231</subfield>
   </datafield>
   <datafield ind1="8" ind2=" " tag="024">
      <subfield code="a">http://hdl.handle.net/2072/261937</subfield>
   </datafield>
   <datafield ind2="0" ind1="0" tag="245">
      <subfield code="a">Preparation and conservation treatments of the Pleistocene fossil vertebrate remains from the cave site of Tossal de la Font (Vilafamés, Castelló, Spain)</subfield>
   </datafield>
</record></metadata></record></GetRecord></OAI-PMH>